000 00610nam a2200265Ia 4500
005 20260306164136.0
008 008 260114s9999 xx 000 0 eng d
020 _a9780823266975
037 _aEBOOK
040 _aCRL
040 _beng
040 _cCRL
041 _2eng
041 _aeng
084 _qCRL
100 _aBates, Bassiri
_91130090
245 0 _aPlasticity And Pathology
260 _bFordham University Press
260 _c2016
650 _aPhilosophy
856 _uhttps://academic.oup.com/book/20549
942 _cEBOOK
999 _c1712917
_d1712917